00540nam a2200169Ia 4500008004100000020001500041041000800056082001700064100002500081245002000106250000600126260006200132300000800194650002300202999001900225952012600244210716s1997 xx 000 0 und d a818598414X aeng a374.22 GOLE aGoldratt, Eliyahu M. aCritical Chain. a1 aMadrasbProductivity and Quality Publishing Pvt Ltdc1997 a246 aGeneral Management c199267d199267 001040708MBAaAIMITbAIMITd2005-08-23g350.00l0o374.22 GOLEpMBA01832r2026-05-23 00:00:00v280.00w2021-07-16yBK